[Event "Enschede op-C U14"]
[Site "Enschede"]
[Date "2009.08.04"]
[Round "2"]
[White "Ritterfeld, Sten"]
[Black "Knottnerus, Ivo"]
[Result "0-1"]
[WhiteElo "1520"]
[BlackElo "1722"]
[PlyCount "94"]
[EventDate "2009.08.03"]
[EventType "swiss"]
[EventRounds "7"]
[EventCountry "NED"]
[SourceTitle "CBM 132 Extra"]
[Source "ChessBase"]
[SourceDate "2009.11.03"]
[SourceVersion "1"]
[SourceVersionDate "2009.11.03"]
[SourceQuality "1"]

1. e4 c5 2. Nf3 d6 3. Nc3 Nc6 4. Bb5 e6 5. d4 cxd4 6. Nxd4 Bd7 7. Nxc6 bxc6 8. Ba4 d5 9. exd5 cxd5 10. Bxd7+ Qxd7 11. 0-0 Be7 12. Bf4 Nf6 13. Qd3 a6 14. Rfe1 Qb7 15. b3 0-0 16. Rad1 Rac8 17. Re3 Nh5 18. Rh3 Rxc3 19. Qxc3 Nxf4 20. Qe3 Nxh3+ 21. Qxh3 Rc8 22. Qd3 Qb5 23. Qxb5 axb5 24. Rd2 Bb4 25. Re2 Ra8 26. c4 dxc4 27. bxc4 bxc4 28. Rb2 Ba3 29. Rc2 Rb8 30. Kf1 Kf8 31. Ke2 Rb2 32. Rxb2 Bxb2 33. a4 Bd4 34. f3 Ke7 35. Kd2 Kd6 36. Kc2 Kc5 37. a5 Kb5 38. a6 Kxa6 39. g4 Kb5 40. h4 Kb4 41. h5 g6 42. hxg6 hxg6 43. f4 Be3 44. f5 gxf5 45. gxf5 exf5 46. Kd1 c3 47. Kc2 f4 0-1

[Event "Twente Young Master op-D"]
[Site "Twente"]
[Date "2007.08.09"]
[Round "8"]
[White "De Ridder, Naomi"]
[Black "Ritterfeld, Sten"]
[Result "1-0"]
[WhiteElo "1096"]
[BlackElo "1073"]
[PlyCount "27"]
[EventDate "2007.08.06"]
[EventType "swiss"]
[EventRounds "13"]
[EventCountry "NED"]
[SourceTitle "EXT 2008"]
[Source "ChessBase"]
[SourceDate "2007.11.25"]
[SourceVersion "1"]
[SourceVersionDate "2007.11.25"]
[SourceQuality "1"]

1. e4 e5 2. Nf3 Nc6 3. Nc3 Bb4 4. Bc4 Nf6 5. d3 d6 6. 0-0 Nd4 7. Nxd4 exd4 8. Nd5 0-0 9. Bg5 Be6 10. Nxf6+ gxf6 11. Bh6 Re8 12. Bxe6 fxe6 13. Qg4+ Kf7 14. Qg7# 1-0

[Event "Twente Young Master op-D"]
[Site "Twente"]
[Date "2007.08.07"]
[Round "2"]
[White "De Vries, Emma"]
[Black "Ritterfeld, Sten"]
[Result "1-0"]
[WhiteElo "1314"]
[BlackElo "1073"]
[PlyCount "113"]
[EventDate "2007.08.06"]
[EventType "swiss"]
[EventRounds "13"]
[EventCountry "NED"]
[SourceTitle "EXT 2008"]
[Source "ChessBase"]
[SourceDate "2007.11.25"]
[SourceVersion "1"]
[SourceVersionDate "2007.11.25"]
[SourceQuality "1"]

1. e4 e5 2. Nf3 Nc6 3. Bb5 a6 4. Ba4 Nf6 5. d3 Bb4+ 6. c3 Bc5 7. 0-0 b5 8. Bc2 d5 9. Nbd2 d4 10. h3 Bb7 11. Re1 dxc3 12. bxc3 b4 13. Bb2 Qd6 14. Nf1 bxc3 15. Bxc3 Bd4 16. Nxd4 exd4 17. Bd2 0-0-0 18. Ng3 Rhe8 19. Nf5 Qf8 20. Rb1 Qa3 21. Nxg7 Rg8 22. Nf5 Qxa2 23. Bb3 Qa3 24. Bxf7 Rgf8 25. Be6+ Nd7 26. Bd5 Qc5 27. Qb3 Qb6 28. Qa4 Qc5 29. Rec1 Qa7 30. Bxc6 Nc5 31. Bxb7+ Nxb7 32. Bb4 Rf7 33. Qb3 Rdd7 34. Qc4 a5 35. Bc5 Qxc5 36. Qxc5 Nxc5 37. Rxc5 a4 38. Ra5 Rd8 39. Rxa4 c5 40. Ra6 Kd7 41. Rd6+ Ke8 42. Rxd8+ Kxd8 43. Rb5 Rc7 44. e5 c4 45. Nxd4 cxd3 46. Ne6+ Kd7 47. Nxc7 Kxc7 48. Rd5 Kc6 49. Rxd3 Kc7 50. e6 Kc8 51. e7 Kc7 52. e8Q h5 53. Qxh5 Kb7 54. Qc5 Kb8 55. g4 Kb7 56. Rb3+ Ka6 57. Qb6# 1-0